A history of modern Greek literature
Αποθηκεύτηκε σε:
| Κύριος συγγραφέας: | |
|---|---|
| Μορφή: | Βιβλίο |
| Γλώσσα: | English |
| Δημοσίευση: |
Oxford :
Oxford University Press,
1973.
|
| Θέματα: | |
| Ετικέτες: |
Προσθήκη ετικέτας
Δεν υπάρχουν, Καταχωρήστε ετικέτα πρώτοι!
|
MARC
| LEADER | 00000cam a2200000 a 4500 | ||
|---|---|---|---|
| 001 | 1/116914 | ||
| 008 | 180628s1973####enk| ||| |||| ||eng|| | ||
| 040 | |a GR-MyUa |b gre |c GR-MyUa |e AACR2 | ||
| 041 | 0 | |a eng | |
| 082 | 7 | |a 889 |2 (23) | |
| 100 | 1 | |a Πολίτης, Λίνος, |d 1906-1982. | |
| 245 | 1 | 2 | |a A history of modern Greek literature / |c Linos Politis. |
| 260 | |a Oxford : |b Oxford University Press, |c 1973. | ||
| 300 | |a xi, 338 σ. ; |c 21 εκ. | ||
| 504 | |a Περιλαμβάνει βιβλιογραφία και ευρετήριο. | ||
| 650 | 0 | |a Greek literature, Modern |x History and criticism. | |
| 852 | |a INST |b LESVOS |e 20180628 |h 889 ΠΟΛ |p 005100060541 |q 005100060541 |t BK |y 0 | ||
| 970 | |a Τζαφέρη |b Ευαγγελία |z 28-06-2018 | ||